Lana Del Rey - Change Lyrics - Statistics

General Stats
  • This quiz has been taken 56 times
  • The average score is 341 of 403
Answer Stats
Answer % Correct
a
100%
Change
100%
change
100%
I
100%
be
97%
But
97%
but
97%
it
97%
It's
97%
it's
97%
the
97%
to
97%
are
93%
by
93%
can
93%
feel
93%
in
93%
is
93%
just
93%
on
93%
try?
93%
when
93%
When
93%
you
93%
don't
90%
I've
90%
me
90%
no
90%
that
90%
There's
90%
Who
90%
who
90%
am
86%
beautiful
86%
know
86%
power
86%
somethin'
86%
thing
86%
we
86%
wind
86%
without
86%
comin'
83%
damn?
83%
else's
83%
from
83%
gave
83%
job
83%
of
83%
Of
83%
one
83%
or
83%
powerful
83%
someone
83%
what
83%
where
83%
been
79%
capable
79%
care
79%
Every
79%
for
79%
honest
79%
my
79%
people
79%
softly
79%
stable
79%
thinkin'
79%
time
79%
Tryin'
79%
find
76%
here
76%
holdin'
76%
I'll
76%
lettin'
76%
run
76%
wanna
76%
able
72%
and
72%
because
72%
beings
72%
blowin'
72%
close
72%
fall
72%
Maybe
72%
we'll
72%
arms
69%
does
69%
faithful
69%
I'm
69%
Lately
69%
water
69%
whenever
69%
Whenever
69%
come
66%
down
66%
Now
66%
now
66%
coming
62%
gonna
62%
slow
62%
bitter
59%
'Cause
59%
enough
59%
finally
59%
summer's
59%
sympathize
59%
taste
59%
done
55%
strong
55%
Yeah
55%
letting
52%
Mm
52%
turnin'
52%
wings
52%
sour
48%
blood
45%
coughing
38%
hotly
38%
song
38%
bomb
34%
No matching quizzes found
Score Distribution
Percent of People with Each Score
Percentile by Number Answered
Your Score History
You have not taken this quiz